00707nam a2200229Ia 4500003000400000005001700004006001800021007000300039008004100042037001700083040001800100041001300118082001900131100001400150245005900164260003500223300001300258490011300271500005000384650002300434700002000457OSt20220926033904.0a|||||r|||| 00| 0ta220923b |||||||| |||| 00| 0 eng d cGeneral Book aRTLcRTLbeng 2engaeng aX:89K.2.N7, L8 aSingh R L 0aSpatial planning in India perspectiveb An approach  aVaranasibNGSI c1978 a50pccm. aNational Geographical Society of India Research Bulletin, 28. International Geographical Union Working Group aInternation geographical Union working group. aRegional Economics a Singh Rana P B